=LDR 00000nam 2200000 4500 =001 INLIS000000000047090 =005 20150804132751.0 =006 =007 =008 =035 ##$$0010-081500000000004 =082 ##$$a 028.5 =090 ##$$a 028.5 che m =100 ##$$a kak pajardinar =245 ##$$a bintang dan lingkungan sekitar =260 ##$$a multazan mulia utama =300 ##$$a hln.52 =850 ##$$a NPBMAT =990 ##$$a 2090101243/BPAP-NTB/2015